Kelâmî divanı. (Record no. 47044)

MARC details
000 -LEADER
fixed length control field 00603cam a22002291 4500
001 - CONTROL NUMBER
control field ne 64001277
003 - CONTROL NUMBER IDENTIFIER
control field DLC
005 - DATE AND TIME OF LATEST TRANSACTION
control field 20260227111800.0
008 - FIXED-LENGTH DATA ELEMENTS--GENERAL INFORMATION
fixed length control field 890514s1963 tu 000 0 tur
010 ## - LIBRARY OF CONGRESS CONTROL NUMBER
LC control number ne 64001277
035 ## - SYSTEM CONTROL NUMBER
System control number (OCoLC)23542166
040 ## - CATALOGING SOURCE
Original cataloging agency DLC
Transcribing agency MiU
Modifying agency DLC
042 ## - AUTHENTICATION CODE
Authentication code premarc
043 ## - GEOGRAPHIC AREA CODE
Geographic area code a-tu---
050 00 - LIBRARY OF CONGRESS CALL NUMBER
Classification number BP130.6
Item number .C8
100 1# - MAIN ENTRY--PERSONAL NAME
Personal name Çoĝal, H. Cumah.
245 10 - TITLE STATEMENT
Title Kelâmî divanı.
260 ## - PUBLICATION, DISTRIBUTION, ETC.
Place of publication, distribution, etc. İstanbul,
Name of publisher, distributor, etc. Nuruosmaniye Matbaası,
Date of publication, distribution, etc. 1963.
300 ## - PHYSICAL DESCRIPTION
Extent 157 p.
Dimensions 17 cm.
630 00 - SUBJECT ADDED ENTRY--UNIFORM TITLE
Uniform title Qurʼan
General subdivision Criticism, interpretation, etc.
650 #0 - SUBJECT ADDED ENTRY--TOPICAL TERM
Topical term or geographic name entry element Islamic sermons, Turkish

No items available.

Powered by Koha